Click The Correct European Country - Statistics

General Stats
  • This quiz has been taken 100 times
  • The average score is 30 of 47
Answer Stats
Hint Answer % Correct
Famous for its monarchy, London, and iconic landmarks like Big Ben. United Kingdom
86%
The largest country in the world, spanning Europe and Asia. Russia
84%
Famous for its precision watches, chocolate, and the Alps. Switzerland
84%
The smallest country in the world and the headquarters of the Catholic Church. Vatican City
84%
Famous for its beer culture, Oktoberfest, and as the birthplace of the printing press. Germany
83%
Home to the legend of Dracula and Bran Castle. Romania
83%
Famous for flamenco dancing, tapas, and historic cities like Barcelona. Spain
83%
Known for its iconic Eiffel Tower and as the global center of art and fashion. France
81%
Known as the “Land of Fire and Ice” due to its volcanoes and glaciers. Iceland
81%
Home to ancient Rome, the Vatican, and world-renowned cuisine. Italy
81%
The birthplace of classical composers like Mozart and Schubert. Austria
79%
Home to Prague, often called the “City of a Hundred Spires.” Czechia (Czech Republic)
79%
Famous for its lush green landscapes and rich Celtic traditions. Ireland
79%
A tiny city-state famous for its casino in Monte Carlo and luxury lifestyle. Monaco
79%
Famous for its historic cities like Krakow and the resilience of its people. Poland
79%
Known for IKEA, ABBA, and its high standard of living. Sweden
79%
Famous for its waffles, chocolate, and as the headquarters of the EU. Belgium
78%
Famous for its saunas and being the happiest country in the world. Finland
78%
The cradle of Western civilization and democracy. Greece
76%
Famous for its windmills, tulips, and extensive canal systems. Netherlands
76%
Known for its fjords and as the birthplace of modern skiing. Norway
76%
Known for its Port wine and the historic city of Lisbon. Portugal
76%
A transcontinental nation bridging Europe and Asia. Turkey
76%
Famous for its thermal baths and the Danube River that divides Budapest. Hungary
74%
Known for its art nouveau architecture in Riga, the capital. Latvia
74%
Known for LEGO, which was invented here, and its high quality of life. Denmark
71%
A tiny Alpine country known for its medieval castles. Liechtenstein
67%
Known for its vibrant nightlife in Belgrade and rich history. Serbia
67%
Home to numerous castles, including the iconic Bratislava Castle. Slovakia
67%
A tiny country in the Pyrenees famous for its duty-free shopping and ski resorts. Andorra
64%
The youngest country in Europe, declaring independence in 2008. Kosovo
62%
Known as the “last dictatorship in Europe” and for its vast forests. Belarus
59%
Known for its fertile land and as the “Breadbasket of Europe.” Ukraine
59%
One of the world’s smallest but wealthiest countries. Luxembourg
53%
Famous for its stunning coastline and as the filming location for Game of Thrones. Croatia
52%
One of the world’s oldest republics, founded in 301 AD. San Marino
45%
Known for Lake Bled and its stunning Alpine scenery. Slovenia
43%
Known as the legendary birthplace of Aphrodite, the Greek goddess of love. Cyprus
41%
A leader in digital innovation, offering e-residency to global citizens. Estonia
40%
Known for its Stari Most bridge and Ottoman-era architecture. Bosnia and Herzegovina
36%
Home to the Cyrillic alphabet, which was developed by monks from the country. Bulgaria
36%
The first Soviet republic to declare independence in 1990. Lithuania
34%
Known for its unique bunkers, with over 170,000 built during communist rule. Albania
29%
Home to Lake Ohrid, one of Europe’s oldest and deepest lakes. North Macedonia
24%
Famous for its ancient temples and as a filming location for Game of Thrones. Malta
19%
Known for its wine production and underground wine cellars. Moldova
16%
Known for its stunning Adriatic coastline and medieval villages. Montenegro
14%
No matching quizzes found
Score Distribution
Percent of People with Each Score
Percentile by Number Answered
Your Score History
You have not taken this quiz